| 000 | 00942nam a22002657a 4500 | ||
|---|---|---|---|
| 005 | 20120416153415.0 | ||
| 008 | 120416t xxu||||| |||| 00| 0 eng d | ||
| 010 | _aENG-105004 | ||
| 020 |
_a9788182831858 _c140.00 |
||
| 020 |
_a8182831857 _c140.00 |
||
| 035 | _aEN-88537 | ||
| 037 | _bDBAD/PUB | ||
| 040 |
_aDPL _bEng |
||
| 082 | _a515.63 | ||
| 100 |
_945074 _aVasishtha, A.R. |
||
| 245 |
_aVector calculus as per U.P. unified syllabus w.e.f. 2011-2012 / _cby A.R. Vasishtha ; edited by Er. Sugam Rastogi _b |
||
| 250 | _a6th ed | ||
| 260 |
_aMeerut _bKrishna Prakashan _c2012 |
||
| 270 |
_a11, Shivaji Road _bMeerut _e250001 |
||
| 300 |
_av-264p. _c24cm(pbk) |
||
| 490 |
_aMade easy _945184 |
||
| 700 |
_aRastogi, Sugam _945143 |
||
| 942 |
_2ddc _cEN _h515.63 _mVAS |
||
| 999 |
_c65071 _d65071 |
||